El aprendizaje adulto en un sistema abierto y a distancia
Gardado en:
| Autor Principal: | |
|---|---|
| Formato: | Libro |
| Idioma: | Lingua castelá |
| Publicado: |
Madrid
Narcea
1986
|
| Series: | Narcea Sociocultural
|
| Subjects: | |
| Tags: |
Engadir etiqueta
Sen Etiquetas, Sexa o primeiro en etiquetar este rexistro!
|
MARC
| LEADER | 00000nam a2200000 a 4500 | ||
|---|---|---|---|
| 001 | UCX7532 | ||
| 003 | CL-VaPUC | ||
| 008 | 931214e19860000SP |||||||||||||||||spa|d | ||
| 082 | 0 | 4 | |a 374 |b GAR |2 21 |
| 100 | |a García Llamas, José Luis |e author |9 415139 | ||
| 245 | 1 | 3 | |a El aprendizaje adulto en un sistema abierto y a distancia |
| 300 | |a 240 p | ||
| 942 | |c BK | ||
| 945 | |d 19931214 00:00:00 |a rbrito | ||
| 260 | |a Madrid |b Narcea |c 1986 | ||
| 650 | 0 | |a Educación de adultos |9 307580 | |
| 583 | |a last modification |c 19931214 00:00:00 |k Rodrigo Vera | ||
| 490 | 0 | |a Narcea Sociocultural | |
| 999 | |c 227334 |d 227332 | ||
| 952 | |0 0 |1 0 |4 0 |6 374_000000000000000_GAR_1986 |7 0 |8 P |9 226281 |a BIBEDU |b BIBEDU |c BIBEDU_PB |d 2019-11-15 |i 2953730 |o 374 GAR 1986 |p 2953730 |r 2024-01-25 |w 2019-11-15 |y BK |k EPE | ||